00631nam a2200181Ia 4500008004100000020002200041050002200063100002100085245006900106260002200175300001000197440002700207500001900234650003800253700003000291952011100321999001700432121028s9999 xx 000 0 und d a978-950-12-4181-5 aRC552.A5 H45 1994 aHekier, Marcelo. aAnorexia-bulimia : deseo de nada / Marcelo Hekier, Celina Miller aMéxico : Paidos a160 p a( Psicologia Profunda) aIncluye Indice aAnorexia nerviosa Bulimia  aMiller, Celina coautorÌ 00104070a14b14d2010-11-11l6oRC552.A5 H45 1994p14 003329r2020-02-11s2020-02-11t1w2012-10-28yLB c85689d85689